| 000 | 00460nam a22001097a 4500 | ||
|---|---|---|---|
| 008 | 110706t xxu||||| |||| 00| 0 eng d | ||
| 010 | _aHCROF146 | ||
| 245 | _aHigh Court Revisional Order No. 7 OF 1995 (Arising from Civil Suit No. 8/93 Kinoni) E. Byaruhanga Vs Banyanga and 2 others | ||
| 260 | _c1995 | ||
| 500 | _aBEFORE: THE HON. MR. JUSTICE A.N. KAROKORA | ||
| 999 |
_c4589 _d4589 |
||